Social innovation - the trend of a new enterprise generation scientific monograph

Salvato in:
Dettagli Bibliografici
Autore principale: Dubcová, Gabriela, 1968-
Altri autori: Chocholáčková, Kristína, Mikoláš, Zdeněk, Szabo, Ľuboslav
Natura: Libro
Lingua:inglese
Pubblicazione: Ljubljana Verlag Dashöfer 2017
Edizione:1st ed.
Soggetti:
Tags: Aggiungi Tag
Nessun Tag, puoi essere il primo ad aggiungerne!!

MARC

LEADER 00000nam a2200000 4500
001 0238750
005 20240523114655.1
020 |a 978-961-6869-47-8 
041 0 |a eng 
044 |a SI 
245 1 0 |a Social innovation - the trend of a new enterprise generation  |b scientific monograph  |c Gabriela Dubcová, Kristína Chocholáčková ; reviewers: Zdeněk Mikoláš, Ľuboslav Szabo 
250 |a 1st ed. 
264 1 |a Ljubljana  |b Verlag Dashöfer  |c 2017 
300 |a 115 s. [6,93 AH] 
610 2 0 |a inovácie sociálne 
610 2 0 |a manažment strategický 
610 2 0 |a zodpovednosť podniku spoločenská 
610 2 0 |a konkurencieschopnosť 
610 2 0 |a politika podniková 
610 2 0 |a politika sociálna podniková 
610 2 0 |a Slovensko 
100 1 |a Dubcová, Gabriela, 1968- 
700 1 |a Chocholáčková, Kristína 
700 1 |a Mikoláš, Zdeněk 
700 1 |a Szabo, Ľuboslav